1057 1183 1687 1291 1617 1213 1336 1455 1966 1096 1146 1193 1927 1186 1905 1724 1127 1248 1172 1588 1757 1367 1949 1179 1685 1488 1642 1755 1043 1189 1316 1910 1821 1257 1697 1783 1646 1547 1973 1509 1002 1487 1678 1213 1182 1668 1316 1941 1735 1130 1042 1886 1063 1282 1159 1692 1787 1808 1420 1184 1423 1099 1430 1876 1237 1598 1919 1968 1916 1016 1040 1238 1887 1291 1066 1908 1328 1229 1047 1925 1110 1565 1005 1010 1783 1997 1736 1650 1280 1929 1416 1836 1845 1504 1169 1176 1950 1309 1274 BCNSPRNW ULIB Ver.6.0+V

เปลี่ยนเป็นภาษาไทย

Change to English
 แสดงรายละเอียดบรรณานุกรม
  กลับหน้าหลัก

Brief Record : Get Marc (ISO 2709) : E-mail record : QR code < ปิดหน้าต่าง
LEADER : 00000nam 2200000uu 4500
001    13399111554
003     ULIB
008    110627s||||||||th 000 0 tha d
090    นว.^bภ418T 2553
100 0  ภาคินัย
245 00 ตีตั๋วไปตาย = THEATER/^cภาคินัย
250    พิมพ์ครั้งที่ 1
260    กรุงเทพฯ :^bโซฟา,^c2553
300    240 หน้า
945    ^p185^l0^i028067
995    ทศพร
999 ^a ใช้งานได้ทุกระบบ
รายการนี้ยังไม่มีแท็ก
คุณยังไม่ได้ล็อกอิน คุณสามารถมีกิจกรรมร่วมกับเว็บไซต์ได้ แต่ต้องล็อกอินก่อน ::
  ล็อกอิน

รายการสื่อสารสนเทศ

ลำดับที่ ประเภท เลขเรียก/บาร์โค้ด สถานที่ สถานะ
1. นวนิยาย
นวนิยาย
นว. ภ418T 2553 ฉ.1 
  Barcode: 028067
ห้องสมุดวิทยาเขตสวรรค์ประชารักษ์
►นวนิยาย
บนชั้น
  ขอยืม

รายการใกล้เคียง
    ผู้แต่ง [ภาคินัย]

BibComment


ยังไม่เคยถูกคอมเมนท์

คอมเมนท์ทรัพยากรรายการนี้
  คอมเมนท์: ตีตั๋วไปตาย THEA..


 Copyright 2026. Bcnsprnw @Library